000 00450pab a2200157 454500
008 180718b2013 xxu||||| |||| 00| 0 eng d
100 _aBallegooijen, Jan Van
245 _aThe ideologies of informality: informal urbanisation in the architectural and planning discourses
260 _c2013
300 _ap.1794-1810.
650 _aUrbanization
700 _aRocco, Roberto
773 _aThird World Quarterly
908 _aN
909 _a102851
999 _c102849
_d102849